00394cam a2200157ua 45000010005000000080039000050200018000440400009000620820012000711000023000832450037001062600035001433000014001786530019001926530025002115967131030n ii |||gr||||Z||||||eng a81-237-2122-6 cMAIN a954.035 aAyer,S.A,eAuthor. aStory Of The I.N.Acby S.A. Ayer aDelhi:bNational Book ,c2002. avii,115p. aIndian history aIndian national army